| 000 | 00488nam a2200181Ia 4500 | ||
|---|---|---|---|
| 008 | 240925s9999 xx 000 0 und d | ||
| 020 | _a132821796 | ||
| 082 | _a428.240245 ZIM | ||
| 100 | _aZimmerman, Fran | ||
| 245 | 0 | _aEnglish For Science | |
| 250 | _aNA | ||
| 260 |
_aNew Jersey: _bPrintice- Hall Int. _c,1989. |
||
| 300 |
_aix,253p. _bNA _fPirated |
||
| 500 | _aIncludes Illustrations | ||
| 600 | _aHumanities & Natural Science | ||
| 650 | _aEnglish and Old English | ||
| 942 | _cBK | ||
| 999 |
_c2986 _d2986 |
||